Juan Gris his life and work / (Record no. 86049)

MARC details
000 -LEADER
campo de control de longitud fija 00571nam a2200169 i 4500
001 - NÚMERO DE CONTROL
campo de control 86049
003 - IDENTIFICADOR DE NÚMERO DE CONTROL
campo de control ES-MaACL
005 - FECHA Y HORA DE LA ÚLTIMA TRANSACCIÓN
campo de control 20230906175350.0
007 - CAMPO FIJO DE DESCRIPCIÓN FÍSICA--INFORMACIÓN GENERAL
campo de control de longitud fija t|
008 - DATOS DE LONGITUD FIJA--INFORMACIÓN GENERAL
campo de control de longitud fija 041207s1947 xxu ||||1| eng d
100 1# - ENTRADA PRINCIPAL--NOMBRE DE PERSONA
Nombre de persona Kahnweiler, Daniel-Henry.
9 (RLIN) 67430
245 10 - MENCIÓN DEL TÍTULO
Título Juan Gris his life and work /
Mención de responsabilidad, etc. by Daniel-Henry Kahnweiler ; translated by Douglas Cooper.
260 ## - PUBLICACIÓN, DISTRIBUCIÓN, ETC.
Lugar de publicación, distribución, etc. New York :
Nombre del editor, distribuidor, etc. Curt Valentin,
Fecha de publicación, distribución, etc. 1947 (
Fabricante Lund Humphries)
300 ## - DESCRIPCIÓN FÍSICA
Extensión XIII, 177 p., 113 lám. :
Otras características físicas il., retr. aut. ;
Dimensiones 29 cm.
700 1# - ENTRADA AGREGADA--NOMBRE PERSONAL
Nombre de persona Cooper, Douglas.
9 (RLIN) 40385
852 ## - LOCALIZACIÓN
Ubicación ES-MaACL
Número de control de estantería D-7042
Sublocalización o colección R.30219
Holdings
Estatus retirado Estado de pérdida Estado de daño No para préstamo Biblioteca de origen Biblioteca actual Ubicación en estantería Fecha de adquisición Fuente de adquisición Total de préstamos Signatura topográfica completa Código de barras Visto por última vez Precio de reemplazo Tipo de ítem Koha
        Biblioteca del Ateneo de Madrid Biblioteca del Ateneo de Madrid Sala Valle Inclán 17/01/2008     D-7042 901089916 23/02/2023 23/02/2023 Libro impreso